00371 a2200145 450000500170000002000180001708200150003510000150005024500220006525000120008726000370009930000420013670000280017870000190020620250613091748.0 a0-07-283137-5 a658.15 ROS aROSS, A. S aCorporate Finance a6th Ed. aBostonbMcGraw-Hill Irwinc2002. axii, 932p.bGlossary and Indexc26 cm aRandolph W. Westerfield a Jeffrey Jaffe